000 006090000a22002050004500
999 _c62725
_d62725
001 768714001
003 CO-MdFUSB
005 20170726160348.0
008 170726s1981 mx ||||| |||| 00| 0 spa d
022 _a0122-2996
040 _aCO-MdFUSB
_bspa
_cCO-MdFUSB
_dCO-MdFUSB
041 _aspa
100 1 _aMelano Couch, Beatriz
_eautor
245 1 0 _aTeoría de la interpretación
300 _aNúmero 1 (1981), Páginas 20-28
_c22 cm.
546 _aTexto en español
650 1 4 _aHERMENÉUTICA
773 0 _tBoletín Teológico
_049507
_961435
_gNúmero 1 (1981), Páginas 20-28
_qPágina 20
942 _cANA